000 01481nam0a2200349 4500
001 RU\NLR\BIBL_A\011452908
005 20250626071010.0
010 _a978-5-358-19027-6
_d3000 экз.
021 _aRU
_b2017-52646
_93766
021 _aRU
_b2017-68627
_94868
035 _a(RuMoRGB)009392353
035 _a(RuMoRGB)008939962
035 _a(NLR Aleph) 011452908
090 _a11762671
_c11762671
100 _a20170810d2017 |||y0rusy50 ca
101 0 _aeng
_arus
102 _aRU
105 _a||||zzzz||||y
200 1 _aАнглийский язык. 5
_eучебник для 5 класса общеобразовательных организаций
_fМ. З. Биболетова, О. А. Денисенко, Н. Н. Трубанева
210 _aМосква
_cДрофа
_d2017
215 _a198, [1] с.
_cцв. ил., портр., табл.
_d28
225 2 _aАнглийский с удовльствием
_aEnjoy English
225 2 _aФГОС
606 1 _aАнглийский язык
_jУчебники для средней школы
_9972309
_3RU\NLR\AUTH\6646032
686 _aШ143.21-922.1(2)
_2rubbk
686 3 _aШ143.21-93рус21[5]
700 1 _aБиболетова
_bМ. З.
_gМерем Забатовна
701 1 _aДенисенко
_bО. А.
_gОльга Анатольевна
701 1 _aТрубанева
_bН. Н.
_gНаталья Николаевна
942 _cBOOK
980 _aNB